Resolución de conflictos en las escuelas : manual para educadores /
Guardado en:
| Autor Principal: | |
|---|---|
| Otros Autores: | |
| Formato: | Libro |
| Publicado: |
Barcelona :
Granica,
1997
|
| Series: | Mediación
|
| Materias: | |
| Etiquetas: |
Agregar Etiqueta
Sin Etiquetas, Sea el primero en etiquetar este registro!
|
| LEADER | 01100nam a22002415a 4500 | ||
|---|---|---|---|
| 001 | CEM.cems010335 | ||
| 005 | 20080520104415.0 | ||
| 008 | 130507s1997##################000#0#####d | ||
| 003 | CEMS | ||
| 020 | |a 9506412804 | ||
| 082 | 0 | 4 | |a 371.5 |
| 100 | 1 | |a Girard, Kathryn | |
| 245 | 1 | 0 | |a Resolución de conflictos en las escuelas : |b manual para educadores / |c Kathryn Girard, Susan J. Koch |
| 260 | |a Barcelona : |b Granica, |c 1997 | ||
| 300 | |a 331 p. | ||
| 490 | 0 | |a Mediación | |
| 505 | 0 | |a La naturaleza del conflicto -- Los conceptos y las técnicas de la resolución de conflictos -- Procedimientos alternativos de resolución de disputas -- Aplicaciones de técnicas de resolución de conflictos en la educación -- Guía para conducir juego de roles -- Ejemplo de juegos de roles -- Exploración de la dinámica del poder en la resolución de conflictos -- Ejemplos de guías para cursos | |
| 653 | |a Educación | ||
| 653 | |a Educación-conflictos | ||
| 653 | |a Aula-conflictos | ||
| 653 | |a Disciplina escolar | ||
| 700 | 1 | |a Koch, Susan J. | |
| 859 | |a CEMS |b BIB. CEMS - 11 de abril |h 371.5 |i G441 |p 20795.00 |t Ej.1 | ||
